Partidos políticos e integración europea / por Cesáreo Rodríguez-Aguilera de Prat
ISBN:
978-84-608-0740-7
Descripción Física:
255 p. : quadres, gràf. ; 23 cm
Colección:
Workshop Barcelona ; 26
MARC
| LEADER | 00000nam a2200000Ia 4500 | ||
|---|---|---|---|
| 001 | 22384 | ||
| 008 | 160829s2008 xx 000 0 cat d | ||
| 020 | |a 978-84-608-0740-7 | ||
| 080 | |a M-6-321 | ||
| 100 | |a Rodríguez Aguilera, Cesáreo |9 29598 | ||
| 245 | |a Partidos políticos e integración europea / por Cesáreo Rodríguez-Aguilera de Prat | ||
| 260 | |a Barcelona : |b ICPS, Institut de Ciències Polítiques i Socials, |c 2008 | ||
| 300 | |a 255 p. : |b quadres, gràf. ; |c 23 cm | ||
| 490 | |a Workshop Barcelona ; 26 | ||
| 590 | |a Bibliografia | ||
| 650 | |a Parlament Europeu |9 44778 | ||
| 650 | |a Partits polítics |x Unió Europea, Països de la |9 44779 | ||
| 650 | |a Eleccions |x Unió Europea, Països de la |9 44780 | ||
| 710 | 2 | |a Institut de Ciències Polítiques i Socials (Barcelona, Catalunya) |9 55871 | |
| 901 | |a Arxiu | ||
| 942 | |n 1 | ||
| 952 | |0 0 |1 0 |4 0 |6 M6321 |7 1 |9 52167 |a Arxiu |b Arxiu |d 2016-12-01 |l 0 |o M-6-321 |p 22384 |r 2016-12-01 00:00:00 |w 2016-12-01 |y ARXIU | ||
| 999 | |c 56015 |d 56015 | ||